Dlhopisové fondy
Na základe prevedenej analýzy dôležité zistenie o tom, že nedostupnosť a problematickosť získavania niektorých informácií o podielových fondoch znemožňuje realizáciu výberu optimálneho produktu.
Uložené v:
| Hlavný autor: | |
|---|---|
| Ďalší autori: | |
| Médium: | Kapitola |
| Jazyk: | Slovak |
| Predmet: | |
| Tagy: |
Žiadne tagy, Buďte prvý, kto otaguje tento záznam!
|
MARC
| LEADER | 00000nla a2200000 4500 | ||
|---|---|---|---|
| 001 | 0240375 | ||
| 005 | 20240502073915.0 | ||
| 041 | 0 | |a slo | |
| 044 | |a SK | ||
| 245 | 1 | 0 | |a Dlhopisové fondy |c Miroslav Kmeťko, Pavel Škriniar |
| 520 | |a Na základe prevedenej analýzy dôležité zistenie o tom, že nedostupnosť a problematickosť získavania niektorých informácií o podielových fondoch znemožňuje realizáciu výberu optimálneho produktu. | ||
| 610 | 2 | 0 | |a fondy podielové |
| 610 | 2 | 0 | |a investovanie |
| 610 | 2 | 0 | |a fondy dlhopisové |
| 610 | 2 | 0 | |a investori |
| 610 | 2 | 0 | |a investície finančné |
| 610 | 2 | 0 | |a riziko investičné |
| 610 | 2 | 0 | |a výnosy |
| 100 | 1 | |a Kmeťko, Miroslav, 1969- | |
| 700 | 1 | |a Škriniar, Pavel, 1979- | |